International economics / (Record no. 147946)

MARC details
000 -LEADER
fixed length control field 00586nam a22002057a 4500
005 - DATE AND TIME OF LATEST TRANSACTION
control field 20180427120212.0
010 ## - LCCN (DPL NO)
LC control number ENG-122815
020 ## - INTERNATIONAL STANDARD BOOK NUMBER
International Standard Book Number 9788190393003
Terms of availability 80.00
035 ## - SYSTEM CONTROL NUMBER
System control number EN-106347
037 ## - SOURCE OF ACQUISITION
Source of stock number/acquisition DBAD/PUB
082 ## - DEWEY DECIMAL CLASSIFICATION NUMBER
Classification number 337
100 ## - MAIN ENTRY--PERSONAL NAME
Personal name Abdul Raheem, A.
245 ## - TITLE STATEMENT
Title International economics /
Statement of responsibility, etc by A. Abdul Raheem [and] A.Vagheesan
260 ## - PUBLICATION, DISTRIBUTION, ETC. (IMPRINT)
Place of publication, distribution, etc Trichy
Name of publisher, distributor, etc LEARNTECH PRESS
Date of publication, distribution, etc 2006
270 ## - ADDRESS
Address 99,M.M.Nagar Uyyakondan Thirumalai
City Trichy
Postal code 620102
300 ## - PHYSICAL DESCRIPTION
Extent 240p.
Dimensions 22cm (pbk)
505 ## - FORMATTED CONTENTS NOTE
Formatted contents note
700 ## - ADDED ENTRY--PERSONAL NAME
Personal name Vagheesanem, A.
942 ## - ADDED ENTRY ELEMENTS (KOHA)
Source of classification or shelving scheme Dewey Decimal Classification
Item type English Books
Classification part 337
Call number suffix RAH
Holdings
Withdrawn status Lost status Not for loan Collection code Home library Current library Date acquired Source of acquisition Cost, normal purchase price Full call number Barcode Copy number Cost, replacement price Koha item type
    Not For Loan Non-fiction D.B.Act.Division Central Library 27/04/2018 DBAD/PUB 80.00 337 RAH EN-106347 1 80.00 English Books

© Delhi Public Library
Hit Counter
free hit counter